00436 2200181 4500001002100000005001500021035002000036008004100056245004900097100001800146250000600164260002800170300001200198084001400210082000800224650001000232990001200242INLIS00000000000109420240522092145 a0010-0524000329240522 1 ind 1 aDiatas Waktu Aku Menemukanmu /cMitha Juniar aJuniar, Mitha a1 aJakarta :bZettu,c2013 a284 hlm a813 MIT d a813 4aFiksi a0744072